<?xml version="1.0" encoding="UTF-8"?>
<record
    xmlns:xsi="http://www.w3.org/2001/XMLSchema-instance"
    xsi:schemaLocation="http://www.loc.gov/MARC21/slim http://www.loc.gov/standards/marcxml/schema/MARC21slim.xsd"
    xmlns="http://www.loc.gov/MARC21/slim">

  <leader>00789nam a22002417a 4500</leader>
  <datafield tag="999" ind1=" " ind2=" ">
    <subfield code="c">64476</subfield>
    <subfield code="d">64476</subfield>
  </datafield>
  <controlfield tag="005">20240530110733.0</controlfield>
  <controlfield tag="008">171225s2008    jo a   g b    000 0aara d</controlfield>
  <datafield tag="017" ind1=" " ind2=" ">
    <subfield code="b">&#x645;&#x635;&#x631;. &#x62F;&#x627;&#x631; &#x627;&#x644;&#x643;&#x62A;&#x628;</subfield>
  </datafield>
  <datafield tag="020" ind1=" " ind2=" ">
    <subfield code="a">9789957190231</subfield>
  </datafield>
  <datafield tag="040" ind1=" " ind2=" ">
    <subfield code="a">EG-CaGPL</subfield>
    <subfield code="c">EG-CaGPL</subfield>
  </datafield>
  <datafield tag="082" ind1="0" ind2="4">
    <subfield code="2">21</subfield>
    <subfield code="a">920.7\</subfield>
    <subfield code="b">&#x645; &#x646;</subfield>
  </datafield>
  <datafield tag="100" ind1="0" ind2=" ">
    <subfield code="a">&#x646;&#x642;&#x648;&#x644;&#x627; &#x632;&#x64A;&#x627;&#x62F;&#x629; </subfield>
  </datafield>
  <datafield tag="245" ind1="1" ind2="0">
    <subfield code="a">&#x646;&#x642;&#x648;&#x644;&#x627; &#x632;&#x64A;&#x627;&#x62F;&#x629; &#x641;&#x649; &#x645;&#x64A;&#x632;&#x627;&#x646; &#x627;&#x644;&#x62A;&#x623;&#x631;&#x64A;&#x62E; /</subfield>
    <subfield code="c">&#x646;&#x642;&#x648;&#x644;&#x627; &#x632;&#x64A;&#x627;&#x62F;&#x629; .</subfield>
  </datafield>
  <datafield tag="250" ind1=" " ind2=" ">
    <subfield code="a">&#x637;.1</subfield>
  </datafield>
  <datafield tag="260" ind1=" " ind2=" ">
    <subfield code="a">&#x639;&#x645;&#x627;&#x646;: </subfield>
    <subfield code="b">&#x645;&#x624;&#x633;&#x633;&#x629; &#x639;&#x628;&#x62F;&#x627;&#x644;&#x62D;&#x645;&#x64A;&#x62F; &#x634;&#x648;&#x645;&#x627;&#x646; &#x60C;</subfield>
    <subfield code="c">2008 .</subfield>
  </datafield>
  <datafield tag="300" ind1=" " ind2=" ">
    <subfield code="a">739 &#x635;. &#x61B;</subfield>
    <subfield code="c">24 &#x633;&#x645;.</subfield>
  </datafield>
  <datafield tag="600" ind1="0" ind2="7">
    <subfield code="a">&#x646;&#x642;&#x648;&#x644;&#x627; &#x632;&#x64A;&#x627;&#x62F;&#x629; </subfield>
  </datafield>
  <datafield tag="650" ind1="0" ind2="7">
    <subfield code="2">qrmak</subfield>
    <subfield code="a">&#x62A;&#x631;&#x627;&#x62C;&#x645; &#x631;&#x62C;&#x627;&#x644; </subfield>
  </datafield>
  <datafield tag="651" ind1=" " ind2=" ">
    <subfield code="2">qrmak</subfield>
  </datafield>
  <datafield tag="700" ind1="0" ind2=" ">
    <subfield code="a">&#x645;&#x62D;&#x645;&#x62F; &#x639;&#x62F;&#x646;&#x627;&#x646; &#x627;&#x644;&#x628;&#x62E;&#x64A;&#x62A; </subfield>
    <subfield code="e">&#x645;&#x631;&#x627;&#x62C;&#x639; &#x648;&#x645;&#x642;&#x62F;&#x645; </subfield>
  </datafield>
  <datafield tag="942" ind1=" " ind2=" ">
    <subfield code="2">ddc</subfield>
    <subfield code="c">BK</subfield>
  </datafield>
  <datafield tag="952" ind1=" " ind2=" ">
    <subfield code="0">0</subfield>
    <subfield code="1">0</subfield>
    <subfield code="4">0</subfield>
    <subfield code="7">0</subfield>
    <subfield code="a">CAI</subfield>
    <subfield code="b">CAI</subfield>
    <subfield code="c">MAIN-LIBRARY</subfield>
    <subfield code="d">2018-07-02</subfield>
    <subfield code="l">0</subfield>
    <subfield code="o">920.7\ &#x645; &#x646;</subfield>
    <subfield code="p">164887</subfield>
    <subfield code="r">2018-07-02 00:00:00</subfield>
    <subfield code="w">2018-07-02</subfield>
    <subfield code="y">BK</subfield>
  </datafield>
</record>
